Aristotelis: de arte poetica liber
Guardat en:
| Autor principal: | |
|---|---|
| Format: | Llibre |
| Idioma: | anglès |
| Publicat: |
Georg Olms
1964
|
| Col·lecció: | Olms Paperback, 5
|
| Matèries: | |
| Etiquetes: |
Afegir etiqueta
Sense etiquetes, Sigues el primer a etiquetar aquest registre!
|
MARC
| LEADER | 00000nam a2200000 a 4500 | ||
|---|---|---|---|
| 001 | UCY6288 | ||
| 003 | CL-VaPUC | ||
| 008 | 950521e19640000GW |||||||||||||||||eng|d | ||
| 082 | 0 | 4 | |a 185 |b CUR |2 21 |
| 100 | 0 | |a Curis, Tertiis |e author |9 336147 | |
| 245 | 1 | 0 | |a Aristotelis: de arte poetica liber |
| 300 | |a 298 p | ||
| 942 | |c BK | ||
| 945 | |d 19950521 00:00:00 |a oaravena | ||
| 260 | |b Georg Olms |c 1964 | ||
| 600 | 0 | |a Aristóteles, |d 384 a.C.- 322 a.C. |9 194 | |
| 650 | 0 | |a Filosofía |9 223554 | |
| 650 | 0 | |a Filosofía antigua |9 255705 | |
| 650 | 0 | |a Poética |9 266624 | |
| 650 | 7 | |a OBRAS |2 CL-VaPUC |9 269205 | |
| 650 | 0 | |a Estética |9 264950 | |
| 651 | 0 | |a Grecia |9 265314 | |
| 583 | |a last modification |c 20120828 10:14:48 |k Rodrigo Vera | ||
| 490 | 0 | |a Olms Paperback, 5 | |
| 999 | |c 233865 |d 233863 | ||
| 952 | |0 0 |1 0 |4 0 |6 185_000000000000000_CUR_1964 |7 0 |8 P |9 239663 |a BIBEDU |b BIBEDU |c BIBEDU_PB |d 2019-11-18 |i 1506714 |o 185 CUR 1964 |p 1506714 |r 2024-01-25 |w 2019-11-18 |y BK |k FIL | ||
| 952 | |0 0 |1 0 |4 0 |6 185_000000000000000_CUR_1964 |7 0 |8 P |9 239664 |a BIBEDU |b BIBEDU |c BIBEDU_PB |d 2019-11-18 |i 1506722 |o 185 CUR 1964 |p 1506722 |r 2024-01-25 |w 2019-11-18 |y BK |k FIL | ||